000 00393nam a22001337a 4500
082 _a341.522
_bCHA
100 _aChaudhri, Mohammad Ahsen
245 _aInternational Arbitration in Theory & Practice /
_cMohammad Ahsen Chaudhri
260 _aKarachi :
_bRoyal Book Company,
_c1993.
300 _a154 p.
563 _aHB.
650 _aLaw, International Law
_9128106
942 _2ddc
_cBK
999 _c613372
_d613372